Property's £225bn timebomb (Record no. 81552)

MARC details
000 -LEADER
fixed length control field 01015cab a22001935a 4500
001 - CONTROL NUMBER
control field L147507
008 - FIXED-LENGTH DATA ELEMENTS--GENERAL INFORMATION
fixed length control field 090519e20090515xxkd f 000 0 eng d
035 ## - SYSTEM CONTROL NUMBER
System control number (Sirsi) u147507
041 0# - LANGUAGE CODE
Language code of text/sound track or separate title eng
100 1# - MAIN ENTRY--PERSONAL NAME
Personal name Thomas, Daniel
245 00 - TITLE STATEMENT
Title Property's £225bn timebomb
260 ## - PUBLICATION, DISTRIBUTION, ETC.
Date of publication, distribution, etc. 2009
490 #0 - SERIES STATEMENT
Series statement Property Week
Volume/sequential designation 75(20) 15 May 2009, 20-23(4)
520 ## - SUMMARY, ETC.
Summary, etc. Summarises the findings of the latest De Montfort University survey of the UK commercial property lending market. Surprisingly the value of lending to the commercial property sector increased again in 2008. Outstanding debt to real estate rose by 8.5% to £225bn by the end of 2008, or to £243.3bn when social housing is included. For the first time in the history of the research there was a decrease in the annual volume of loan originations. The pace of lending is likely to slow again during 2009.
590 ## - LOCAL NOTE (RLIN)
Local note KA
651 #4 - SUBJECT ADDED ENTRY--GEOGRAPHIC NAME
Geographic name United Kingdom
Chronological subdivision
690 ## - LOCAL SUBJECT ADDED ENTRY--TOPICAL TERM (OCLC, RLIN)
Topical term or geographic name as entry element PROPERTY-COMMERCIAL PROPERTY-COMMERCIAL PROPERTY FINANCE AND INVESTMENT
942 ## - ADDED ENTRY ELEMENTS (KOHA)
Suppress in OPAC 0
Holdings
Withdrawn status Lost status Source of classification or shelving scheme Damaged status Not for loan Home library Current library Shelving location Date acquired Total Checkouts Full call number Barcode Date last seen Copy number Price effective from Koha item type
    Dewey Decimal Classification     London London Journal article 19/05/2009   L147507 147507-1001 06/08/2019 1 06/08/2019 Journal article